000 00617nam a22002297a 4500
003 UA-OsUOA
001 84881
007 ta
008 20120611b un ||||| |||| 00| 0 ukr d
100 _aБілецький Л.
090 _a94(477).152
_bБ67
942 _cBK
040 _aUA-OsUOA
_bukr
_cUA-OsUOA
_dUA-OsUOA
245 _aУкраїнські піонери в Канаді
_b1891 - 1951
300 _a128 с.
955 _a4
041 _aukr
080 _a94(477).152
260 _aВінніпег
_c1951
650 7 _a9 Географія. Біографії. Історія
_2UDC
999 _c371234
_d371234